Southville International School and Colleges
Your cart is empty.
  • Cart
  • Lists
    Public lists list_1 View all
    Your lists Log in to create your own lists
  • Log in to your account
  • Your cookies
  • Search history
Southville International School and Colleges
  • Advanced search
  • Recent comments
  • Most popular
  • Libraries

Log in to your account

Log in with GOOGLE


If you do not have an external account, but do have a local account, you can still log in:

  1. Home
  2. MARC view: Analytical chemistry /
Normal view MARC view ISBD view

Analytical chemistry / (Record no. 366724)

[ view plain ]
MARC details
000 -LEADER
fixed length control field 00594nam a22001937a 4500
003 - CONTROL NUMBER IDENTIFIER
control field 0
005 - DATE AND TIME OF LATEST TRANSACTION
control field 20241114153651.0
008 - FIXED-LENGTH DATA ELEMENTS--GENERAL INFORMATION
fixed length control field 241114b xxu||||| |||| 00| 0 eng d
020 ## - INTERNATIONAL STANDARD BOOK NUMBER
International Standard Book Number 9798891612235
050 ## - LIBRARY OF CONGRESS CALL NUMBER
Classification number QD 75.2
Item number .B94 2024
100 ## - MAIN ENTRY--PERSONAL NAME
Personal name Byers, Andres,
Relator term author.
245 ## - TITLE STATEMENT
Title Analytical chemistry /
Statement of responsibility, etc Andres Byers.
260 ## - PUBLICATION, DISTRIBUTION, ETC. (IMPRINT)
Place of publication, distribution, etc Jersey City, USA :
Name of publisher, distributor, etc Alexis Press,
Date of publication, distribution, etc 2024.
300 ## - PHYSICAL DESCRIPTION
Extent vii, 317 p. :
Other physical details col. ill. ;
Dimensions 24 cm.
504 ## - BIBLIOGRAPHY, ETC. NOTE
Bibliography, etc Includes bibliographical references and index.
650 ## - SUBJECT ADDED ENTRY--TOPICAL TERM
Topical term or geographic name as entry element Chemistry, analytic.
650 ## - SUBJECT ADDED ENTRY--TOPICAL TERM
Topical term or geographic name as entry element Chemistry techniques, analytical.
942 ## - ADDED ENTRY ELEMENTS (KOHA)
Source of classification or shelving scheme Library of Congress Classification
Koha item type Books
Holdings
Withdrawn status Lost status Source of classification or shelving scheme Damaged status Home library Current library Shelving location Date acquired Source of acquisition Total Checkouts Full call number Barcode Date last seen Price effective from Koha item type
    Library of Congress Classification   College Library College Library Reserve Section 11/14/2024 Library Fund   QD 75.2 .B94 2024 C23918 06/02/2025 11/14/2024 Books

Analytical chemistry /

APA

Byers A., . (2024). Analytical chemistry. Jersey City, USA: Alexis Press.

Chicago

Byers Andres, . 2024. Analytical chemistry. Jersey City, USA: Alexis Press.

Harvard

Byers A., . (2024). Analytical chemistry. Jersey City, USA: Alexis Press.

MLA

Byers Andres, . Analytical chemistry. Jersey City, USA: Alexis Press. 2024.

  • Place hold
  • Print
  • Cite
  • Add to your cart (remove)
  • Save record
    BIBTEX Dublin Core MARCXML MARC (non-Unicode/MARC-8) MARC (Unicode/UTF-8) MARC (Unicode/UTF-8, Standard) MODS (XML) RIS
  • More searches
    Search for this title in:
    Other Libraries (WorldCat) Other Databases (Google Scholar) Online Stores (Bookfinder.com) Open Library (openlibrary.org)

Exporting to Dublin Core...

SOUTHVILLE LIBRARY

Southville International School and Colleges Library

1281 Tropical Ave. Cor. Luxembourg St., BF Homes International, Las Pinas City

Tel. No. 8256374 / 252358 Loc. 117/146

Powered by Koha